[Event "ROM-ch U10"]
[Site "Baile Felix"]
[Date "2017.02.05"]
[Round "4"]
[White "Halmajan, Fabian Mirel"]
[Black "Ionescu, Mihail"]
[Result "1/2-1/2"]
[WhiteElo "1294"]
[BlackElo "1232"]
[PlyCount "62"]
[EventDate "2017.02.02"]
[EventType "swiss"]
[EventRounds "9"]
[EventCountry "ROU"]
[SourceTitle "CBM 176 Extra"]
[Source "ChessBase"]
[SourceDate "2017.03.02"]
[SourceVersion "1"]
[SourceVersionDate "2017.03.02"]
[SourceQuality "1"]

1. d4 Nf6 2. Nf3 e6 3. c4 b6 4. Bg5 Bb7 5. e3 h6 6. Bh4 Be7 7. Nc3 0-0 8. Bd3 Bb4 9. Qc2 Qe7 10. Be2 d5 11. a3 Bxc3+ 12. Qxc3 Ba6 13. 0-0 Qd8 14. Qc2 Bb7 15. Rac1 c6 16. cxd5 cxd5 17. Qc7 Qxc7 18. Rxc7 Ba6 19. Bxa6 Nxa6 20. Rcc1 Rac8 21. Rxc8 Rxc8 22. Bxf6 gxf6 23. Rb1 Re8 24. h3 e5 25. dxe5 fxe5 26. Rd1 e4 27. Nh2 Rd8 28. Rc1 d4 29. exd4 Rxd4 30. Ng4 Kg7 31. Ne3 Kf6 1/2-1/2